[Event "RUS-Cup7"]
[Site "Kstovo"]
[Date "1997.??.??"]
[Round "7"]
[White "Straub, Natalia"]
[Black "Zaitsev, Igor A"]
[Result "0-1"]
[WhiteElo "2350"]
[BlackElo "2450"]
[PlyCount "40"]
[EventDate "1997.05.01"]
[EventType "swiss"]
[EventRounds "9"]
[EventCountry "RUS"]
[SourceTitle "EXT 1999"]
[Source "ChessBase"]
[SourceDate "1998.11.16"]
[SourceVersion "1"]
[SourceVersionDate "1998.11.16"]
[SourceQuality "1"]

1. d4 Nf6 2. c4 g6 3. Nc3 Bg7 4. e4 d6 5. Bd3 O-O 6. Nge2 Nc6 7. O-O Ng4 8. h3
Nh6 9. Bc2 e5 10. Be3 Qh4 11. d5 Nb4 12. Qd2 Bxh3 13. gxh3 Qxh3 14. f3 f5 15.
Nd1 Nxc2 16. Qxc2 f4 17. Bc1 Nf5 18. Nec3 Nh4 19. Qe2 g5 20. Rf2 Rf6 0-1

[Event "Heart of Finland op 07th"]
[Site "Jyvaskyla"]
[Date "1997.??.??"]
[Round "4"]
[White "Zaitsev, Igor A"]
[Black "Nouro, Mikael"]
[Result "1-0"]
[WhiteElo "2450"]
[BlackElo "2305"]
[PlyCount "67"]
[EventDate "1997.07.??"]
[EventType "swiss"]
[EventRounds "9"]
[EventCountry "FIN"]
[SourceTitle "EXT 1999"]
[Source "ChessBase"]
[SourceDate "1998.11.16"]
[SourceVersion "1"]
[SourceVersionDate "1998.11.16"]
[SourceQuality "1"]

1. e4 g6 2. d4 Bg7 3. Nf3 d6 4. Bc4 Nf6 5. Qe2 c6 6. Bb3 O-O 7. O-O Bg4 8. h3
Bxf3 9. Qxf3 e5 10. c3 Qe7 11. Re1 h6 12. Nd2 Nbd7 13. Qg3 Kh7 14. Qh4 Rae8 15.
Nf3 Nh5 16. Qxe7 Rxe7 17. dxe5 Nxe5 18. Nxe5 Bxe5 19. Be3 a6 20. g3 f5 21. exf5
gxf5 22. Bc2 Kg6 23. g4 Ng7 24. Kg2 Rfe8 25. Kf3 Re6 26. Rg1 Kf7 27. gxf5 Rf6
28. Rg6 Nxf5 29. Rxf6+ Kxf6 30. Bxf5 Kxf5 31. Rg1 b5 32. Rg4 Rh8 33. h4 Bf6 34.
Rf4+ 1-0

[Event "MK Cafe Cup-A"]
[Site "Koszalin"]
[Date "1997.08.10"]
[Round "9"]
[White "Zaitsev, Igor A"]
[Black "Sher, Miron Naumovich"]
[Result "1-0"]
[WhiteElo "2475"]
[BlackElo "2425"]
[PlyCount "137"]
[EventDate "1997.08.03"]
[EventType "swiss"]
[EventRounds "10"]
[EventCountry "POL"]
[SourceTitle "CBM 059 Extra"]
[Source "ChessBase"]
[SourceDate "1997.09.26"]
[SourceVersion "1"]
[SourceVersionDate "1997.09.26"]
[SourceQuality "1"]

1. e4 c5 2. Nf3 d6 3. d4 cxd4 4. Nxd4 Nf6 5. Nc3 a6 6. Bg5 Nc6 7. Qd2 e6 8. Rd1
Bd7 9. Be2 Be7 10. O-O O-O 11. Nb3 Kh8 12. f4 b5 13. a3 Qb6+ 14. Kh1 Rad8 15.
Qe1 b4 16. axb4 Nxb4 17. Qh4 e5 18. f5 Rde8 19. Nd2 Bb5 20. Nxb5 axb5 21. Rf3
Ng8 22. Bxe7 Rxe7 23. c3 Na6 24. f6 Re6 25. fxg7+ Kxg7 26. Nf1 Kh8 27. Ne3 Rh6
28. Qf2 Rg6 29. Qh4 Rh6 30. Qe1 Ne7 31. Qd2 Rg6 32. b4 Nc7 33. Rdf1 f6 34. Rd1
Rd8 35. Bd3 Rf8 36. c4 Qb7 37. cxb5 Ne6 38. Nf5 Nf4 39. Nxe7 Qxe7 40. Bf1 Rd8
41. g3 Ne6 42. Qd5 Nd4 43. Rf2 Rgg8 44. Rc1 Rb8 45. Ra1 Rgd8 46. Ra6 Kg7 47.
Rfa2 Kg6 48. Ra7 Rd7 49. Ra8 Rdb7 50. Rxb8 Rxb8 51. Ra6 Qc7 52. Qxd6 Qxd6 53.
Rxd6 Nxb5 54. Rd2 Nc3 55. Rb2 Nxe4 56. Bd3 f5 57. Bxe4 fxe4 58. b5 Rb6 59. Kg2
Kf5 60. Kf2 Ke6 61. Ke3 Kd5 62. Rb1 h6 63. g4 Kc4 64. Kxe4 Kc3 65. Kxe5 Kc2 66.
Rb4 Kc3 67. Ra4 Rxb5+ 68. Kf6 Kd3 69. h4 1-0

[Event "Moscow-ch op"]
[Site "Moscow"]
[Date "1998.??.??"]
[Round "7"]
[White "Zaitsev, Igor A"]
[Black "Abashev, Denis"]
[Result "1-0"]
[WhiteElo "2485"]
[BlackElo "2365"]
[PlyCount "75"]
[EventDate "1998.??.??"]
[EventType "swiss"]
[EventRounds "9"]
[EventCountry "RUS"]
[SourceTitle "EXT 2000"]
[Source "ChessBase"]
[SourceDate "1999.11.16"]
[SourceVersion "1"]
[SourceVersionDate "1999.11.16"]
[SourceQuality "1"]

1. e4 c5 2. Nf3 d6 3. d4 cxd4 4. Nxd4 Nf6 5. Nc3 Nc6 6. Bc4 Qb6 7. Be3 Qxb2 8.
Ndb5 Qb4 9. Qe2 Qa5 10. Bd2 Qd8 11. Nd5 Nxd5 12. exd5 Ne5 13. f4 Bg4 14. Nxd6+
Qxd6 15. Qxe5 Qc5 16. Bb3 O-O-O 17. h3 Bd7 18. Be3 Qa5+ 19. Kf2 f6 20. Qe4 e5
21. fxe5 fxe5 22. Rhf1 Bd6 23. Kg1 Kb8 24. c4 g6 25. Rac1 Bf5 26. Qh4 Ba3 27.
c5 Rc8 28. c6 Bxc1 29. Rxc1 bxc6 30. dxc6 g5 31. Qxg5 Be4 32. Rc5 Qe1+ 33. Kh2
Bxc6 34. Rxc6 Rxc6 35. Qxe5+ Kb7 36. Qg7+ Rc7 37. Bd5+ Ka6 38. Qxc7 1-0

[Event "Chigorin Memorial 07th"]
[Site "St Petersburg"]
[Date "1999.11.09"]
[Round "8"]
[White "Zaitsev, Igor A"]
[Black "Shishkov, Andrei"]
[Result "1-0"]
[WhiteElo "2420"]
[BlackElo "2303"]
[PlyCount "47"]
[EventDate "1999.11.02"]
[EventType "swiss"]
[EventRounds "9"]
[EventCountry "RUS"]
[SourceTitle "CBM 074"]
[Source "ChessBase"]
[SourceDate "2000.02.01"]
[SourceVersion "1"]
[SourceVersionDate "2000.02.01"]
[SourceQuality "1"]

1. e4 c5 2. Nf3 d6 3. d4 cxd4 4. Nxd4 Nf6 5. Nc3 a6 6. Bg5 e6 7. Qf3 Be7 8.
O-O-O Qa5 9. h4 Bd7 10. Be2 Nc6 11. Nb3 Qc7 12. Qg3 b5 13. a3 b4 14. axb4 Nxb4
15. Rd2 Rb8 16. Rhd1 Bc6 17. Rxd6 Bxe4 18. Bxf6 gxf6 19. R1d2 Bxd6 20. Rxd6 Rc8
21. Bd1 Bb7 22. Nd4 Ke7 23. Rxe6+ fxe6 24. Qg7+ 1-0

[Event "Moscow Kasparov Cup"]
[Site "Moscow"]
[Date "2000.??.??"]
[Round "1"]
[White "Zaitsev, Igor A"]
[Black "Korobov, Anton"]
[Result "1-0"]
[WhiteElo "2417"]
[BlackElo "2411"]
[PlyCount "67"]
[EventDate "2000.??.??"]
[EventType "tourn"]
[EventRounds "11"]
[EventCountry "RUS"]
[EventCategory "4"]
[SourceTitle "EXT 2001"]
[Source "ChessBase"]
[SourceDate "2000.11.22"]
[SourceVersion "1"]
[SourceVersionDate "2000.11.22"]
[SourceQuality "1"]

1. e4 c5 2. Nf3 d6 3. c3 Nf6 4. Be2 Bd7 5. d3 Nc6 6. O-O g6 7. Re1 Bg7 8. Bf1
O-O 9. h3 e5 10. Na3 d5 11. exd5 Nxd5 12. Qb3 Bc8 13. Nc4 Re8 14. g3 b6 15. Bg2
Bb7 16. Ng5 h6 17. Ne4 Bf8 18. Bxh6 Bxh6 19. Ned6 Re6 20. Nxb7 Qd7 21. Bxd5
Qxd5 22. Nxb6 Qxb3 23. axb3 Rb8 24. Nxc5 Rxb6 25. Nxe6 fxe6 26. b4 Bg5 27. f4
Bf6 28. fxe5 Nxe5 29. Re3 Rd6 30. Rae1 Rd5 31. d4 Nc4 32. Rxe6 Kg7 33. R1e2 a5
34. Rc6 1-0

[Event "RUS-Cup"]
[Site "Moscow"]
[Date "2000.??.??"]
[Round "6"]
[White "Shabanov, Yuri"]
[Black "Zaitsev, Igor A"]
[Result "0-1"]
[WhiteElo "2477"]
[BlackElo "2417"]
[PlyCount "59"]
[EventDate "2000.??.??"]
[EventType "swiss"]
[EventRounds "9"]
[EventCountry "RUS"]
[SourceTitle "EXT 2001"]
[Source "ChessBase"]
[SourceDate "2000.11.22"]
[SourceVersion "1"]
[SourceVersionDate "2000.11.22"]
[SourceQuality "1"]

1. e4 e5 2. Nf3 Nc6 3. Nc3 Nf6 4. Bb5 Nd4 5. O-O Nxb5 6. Nxb5 d6 7. d4 Nxe4 8.
Re1 a6 9. Rxe4 axb5 10. dxe5 Be6 11. Bg5 Qd7 12. exd6 Bxd6 13. Ne5 Bxe5 14.
Qxd7+ Kxd7 15. Rxe5 f6 16. Rd1+ Ke7 17. Bh4 g5 18. Rc5 c6 19. Bg3 Rxa2 20. h4
gxh4 21. Bxh4 Rxb2 22. Rc3 Rb4 23. Bg3 Kf7 24. Re3 h5 25. f3 h4 26. Bd6 Rd8 27.
Bxb4 Rxd1+ 28. Kh2 Rc1 29. Re2 b6 30. Bd6 0-1

[Event "Zeleny Shum-A"]
[Site "Zeleny Shum"]
[Date "2000.??.??"]
[Round "1"]
[White "Zaitsev, Igor A"]
[Black "Markosian, David S"]
[Result "1-0"]
[WhiteElo "2420"]
[BlackElo "2406"]
[PlyCount "83"]
[EventDate "2000.??.??"]
[EventType "tourn"]
[EventRounds "11"]
[EventCountry "RUS"]
[EventCategory "9"]
[SourceTitle "EXT 2006"]
[Source "ChessBase"]
[SourceDate "2005.11.24"]
[SourceVersion "1"]
[SourceVersionDate "2005.11.24"]
[SourceQuality "1"]

1. e4 d6 2. d4 Nf6 3. Nc3 e5 4. Nf3 Nbd7 5. Bc4 Be7 6. O-O O-O 7. Re1 c6 8. a4
a5 9. h3 h6 10. Be3 Re8 11. Qb1 Nh7 12. Qa2 Rf8 13. Rad1 Ng5 14. Bxg5 Bxg5 15.
dxe5 dxe5 16. Nxe5 Nxe5 17. Rxd8 Rxd8 18. Rd1 Rxd1+ 19. Nxd1 Nxc4 20. Qxc4 Be7
21. Qd4 Bxh3 22. gxh3 Rd8 23. Qb6 Rxd1+ 24. Kg2 Rd7 25. Qxa5 g6 26. Qa7 Kf8 27.
a5 Ke8 28. Qa8+ Bd8 29. b4 Rc7 30. c4 Ke7 31. b5 cxb5 32. cxb5 Rd7 33. b6 g5
34. Qc8 Ke6 35. a6 bxa6 36. b7 Bc7 37. Qe8+ Kd6 38. b8=Q Bxb8 39. Qxb8+ Ke6 40.
Qe8+ Re7 41. Qc6+ Ke5 42. Qxh6 1-0

[Event "Zeleny Shum-A"]
[Site "Zeleny Shum"]
[Date "2000.??.??"]
[Round "9"]
[White "Kovchan, Alexander"]
[Black "Zaitsev, Igor A"]
[Result "0-1"]
[WhiteElo "2420"]
[BlackElo "2420"]
[PlyCount "56"]
[EventDate "2000.??.??"]
[EventType "tourn"]
[EventRounds "11"]
[EventCountry "RUS"]
[EventCategory "9"]
[SourceTitle "EXT 2006"]
[Source "ChessBase"]
[SourceDate "2005.11.24"]
[SourceVersion "1"]
[SourceVersionDate "2005.11.24"]
[SourceQuality "1"]

1. e4 e5 2. Nf3 Nc6 3. Bc4 Nf6 4. d3 Be7 5. O-O O-O 6. Nbd2 d6 7. a4 b6 8. c3
Bb7 9. Re1 h6 10. Nf1 Qd7 11. Ng3 Rfe8 12. d4 exd4 13. cxd4 d5 14. Bb5 Bb4 15.
Ne5 Qe6 16. exd5 Qxd5 17. Bxc6 Bxc6 18. Nxc6 Bxe1 19. Be3 Bxf2+ 20. Bxf2 Qxc6
21. Rc1 Qd7 22. Qf3 Ng4 23. Nf5 Nxf2 24. Kxf2 Rad8 25. Rc6 g6 26. Nxh6+ Kg7 27.
Ng4 Qxd4+ 28. Kg3 Re6 0-1

[Event "Tula Botvinnik Memorial"]
[Site "Tula"]
[Date "2003.??.??"]
[Round "4"]
[White "Chepukaitis, Genrikh"]
[Black "Zaitsev, Igor A"]
[Result "0-1"]
[WhiteElo "2388"]
[BlackElo "2423"]
[PlyCount "40"]
[EventDate "2003.??.??"]
[EventType "tourn"]
[EventRounds "11"]
[EventCountry "RUS"]
[EventCategory "8"]
[SourceTitle "EXT 2005"]
[Source "ChessBase"]
[SourceDate "2004.11.15"]
[SourceVersion "1"]
[SourceVersionDate "2004.11.15"]
[SourceQuality "1"]

1. d4 Nf6 2. Bg5 d5 3. Nd2 e6 4. e3 c5 5. c3 Nc6 6. f4 Qb6 7. Rb1 Ne4 8. Ngf3
Nxg5 9. Nxg5 f6 10. Ngf3 cxd4 11. exd4 Bd6 12. g3 e5 13. fxe5 fxe5 14. dxe5
Bxe5 15. Nxe5 O-O 16. Qh5 Nxe5 17. Qxe5 Bg4 18. Qxd5+ Kh8 19. Qd4 Rae8+ 20. Ne4
Rxe4+ 0-1

[Event "Tula Botvinnik Memorial"]
[Site "Tula"]
[Date "2003.??.??"]
[Round "8"]
[White "Zaitsev, Igor A"]
[Black "Kholmov, Ratmir D"]
[Result "1-0"]
[WhiteElo "2423"]
[BlackElo "2441"]
[PlyCount "49"]
[EventDate "2003.??.??"]
[EventType "tourn"]
[EventRounds "11"]
[EventCountry "RUS"]
[EventCategory "8"]
[SourceTitle "EXT 2005"]
[Source "ChessBase"]
[SourceDate "2004.11.15"]
[SourceVersion "1"]
[SourceVersionDate "2004.11.15"]
[SourceQuality "1"]

1. d4 d5 2. c4 e6 3. Nf3 Nf6 4. Nc3 Be7 5. Bg5 O-O 6. Qc2 b6 7. Bxf6 Bxf6 8. e4
Bb7 9. cxd5 exd5 10. e5 Be7 11. Bd3 g6 12. h4 Na6 13. a3 c5 14. h5 Kg7 15. Qd2
g5 16. Bxa6 Bxa6 17. dxc5 bxc5 18. Nxd5 g4 19. O-O-O Bb7 20. h6+ Kh8 21. Nxe7
Qxe7 22. Qg5 Qxg5+ 23. Nxg5 Bc6 24. Rd6 Rac8 25. Rh4 1-0

[Event "Tula Botvinnik Memorial"]
[Site "Tula"]
[Date "2003.??.??"]
[Round "11"]
[White "Karasev, Vladimir I"]
[Black "Zaitsev, Igor A"]
[Result "0-1"]
[WhiteElo "2446"]
[BlackElo "2423"]
[PlyCount "133"]
[EventDate "2003.??.??"]
[EventType "tourn"]
[EventRounds "11"]
[EventCountry "RUS"]
[EventCategory "8"]
[SourceTitle "EXT 2005"]
[Source "ChessBase"]
[SourceDate "2004.11.15"]
[SourceVersion "1"]
[SourceVersionDate "2004.11.15"]
[SourceQuality "1"]

1. Nf3 Nf6 2. g3 g6 3. Bg2 Bg7 4. O-O O-O 5. c4 d6 6. d4 Bd7 7. Nc3 Nc6 8. d5
Na5 9. Nd2 c5 10. Qc2 e5 11. e4 Nh5 12. a3 Rc8 13. Qd3 Bh6 14. Ncb1 a6 15. b3
b5 16. Ra2 f5 17. exf5 gxf5 18. cxb5 axb5 19. b4 Nb7 20. Qe2 Nf6 21. Nb3 f4 22.
Bd2 c4 23. Na5 Nxa5 24. bxa5 Bf5 25. Rc1 e4 26. Bxf4 Bxf4 27. gxf4 Rc7 28. f3
Rg7 29. Kh1 Nh5 30. fxe4 Nxf4 31. Qe1 Nd3 32. Qe3 Nxc1 33. Qxc1 Bd7 34. Nc3
Qxa5 35. Re2 Qa7 36. e5 dxe5 37. Ne4 Bf5 38. Ng3 Qd4 39. Nh5 Bd3 40. Nxg7 Bxe2
41. Ne6 Qd1+ 42. Qxd1 Bxd1 43. d6 Kf7 44. Ng5+ Kg6 45. Ne6 Rf7 46. Ng5 Kf6 47.
Ne4+ Ke6 48. Bh3+ Kd5 49. Nc3+ Kxd6 50. Nxd1 Rf3 51. Kg2 Rxa3 52. Bf5 h6 53.
Kf2 Ra2+ 54. Ke3 Rxh2 55. Nc3 b4 56. Ne4+ Kd5 57. Nf6+ Kc5 58. Ne4+ Kd5 59.
Nf6+ Kc6 60. Ng4 Rh5 61. Be6 Rh3+ 62. Kf2 Rc3 63. Bf7 e4 64. Ke2 b3 65. Bg6 Kd5
66. Ne3+ Kd4 67. Nf5+ 0-1

[Event "RUS-ch Seniors"]
[Site "Tula"]
[Date "2004.05.16"]
[Round "7"]
[White "Zaitsev, Igor A"]
[Black "Kapeljus, Lazar"]
[Result "1-0"]
[WhiteElo "2410"]
[BlackElo "2322"]
[PlyCount "85"]
[EventDate "2004.05.??"]
[EventType "swiss"]
[EventRounds "9"]
[EventCountry "RUS"]
[SourceTitle "EXT 2005"]
[Source "ChessBase"]
[SourceDate "2004.11.15"]
[SourceVersion "1"]
[SourceVersionDate "2004.11.15"]
[SourceQuality "1"]

1. e4 e6 2. d4 d5 3. Nc3 Nf6 4. Bg5 Bb4 5. e5 h6 6. Bd2 Nfd7 7. Qg4 Bf8 8. Nd1
c5 9. c3 Nc6 10. Nf3 Qb6 11. Be2 g6 12. O-O h5 13. Qh4 Be7 14. Qf4 Bf8 15. Ng5
Nd8 16. a4 Bh6 17. a5 Qc7 18. Qf3 c4 19. Bf4 Nb8 20. Ne3 Qe7 21. h4 Nbc6 22.
Qg3 a6 23. Bf3 Qd7 24. Nh3 Bxf4 25. Nxf4 Ne7 26. Qg5 Ndc6 27. g4 Kd8 28. Qf6
Qe8 29. gxh5 gxh5 30. Bxh5 Rh7 31. Kh2 Bd7 32. Rg1 Kc7 33. Rg7 Rxg7 34. Qxg7
Qh8 35. Rg1 Nxa5 36. Qxh8 Rxh8 37. Rg7 Nac6 38. Kg3 b5 39. Bxf7 Rh6 40. Kg4 b4
41. Kg5 bxc3 42. bxc3 Rh8 43. Nxe6+ 1-0

[Event "Moscow Aeroflot op-B"]
[Site "Moscow"]
[Date "2005.02.16"]
[Round "2"]
[White "Zaitsev, Igor A"]
[Black "Tunik, Gennady"]
[Result "1-0"]
[WhiteElo "2405"]
[BlackElo "2477"]
[PlyCount "123"]
[EventDate "2005.02.15"]
[EventType "swiss"]
[EventRounds "9"]
[EventCountry "RUS"]
[SourceTitle "EXT 2006"]
[Source "ChessBase"]
[SourceDate "2005.11.24"]
[SourceVersion "1"]
[SourceVersionDate "2005.11.24"]
[SourceQuality "1"]

1. e4 c5 2. Nf3 e6 3. d4 cxd4 4. Nxd4 Nc6 5. Nc3 Qc7 6. g3 a6 7. Bg2 d6 8. O-O
Be7 9. Re1 Bd7 10. Nxc6 Bxc6 11. Bf4 Nf6 12. Qe2 O-O 13. Rad1 e5 14. Bg5 Qb6
15. Qe3 Qxe3 16. Rxe3 Rfd8 17. Red3 Kf8 18. Bxf6 Bxf6 19. Rxd6 Rxd6 20. Rxd6
Rd8 21. Rxd8+ Bxd8 22. h4 Ke7 23. Nb1 Bd7 24. Nd2 Be6 25. a3 b5 26. Bf1 Bb6 27.
Bd3 Bd4 28. c3 Bb6 29. Kf1 g6 30. Ke2 h6 31. a4 bxa4 32. Bxa6 Bd7 33. Nc4 Bc7
34. Ne3 Bd6 35. Bc4 Bc6 36. f3 h5 37. Nd5+ Kf8 38. Nb4 Bd7 39. Nd3 f6 40. Bd5
Bb5 41. Kd2 Bxd3 42. Kxd3 Bc5 43. Kc4 Bf2 44. g4 Bxh4 45. gxh5 gxh5 46. Kb4 Ke7
47. Kxa4 Be1 48. Bb7 Kd6 49. Bc8 Kc6 50. Kb4 h4 51. Kc4 Bf2 52. b4 Be3 53. Kb3
Bd2 54. c4 Kc7 55. Bh3 Bc1 56. c5 Kc6 57. Kc4 Ba3 58. Be6 Kb7 59. b5 Kc7 60.
b6+ Kc6 61. Bd5+ Kd7 62. c6+ 1-0

[Event "Moscow Aeroflot op-B"]
[Site "Moscow"]
[Date "2005.02.18"]
[Round "4"]
[White "Zaitsev, Igor A"]
[Black "Vlassov, Nikolai"]
[Result "1-0"]
[WhiteElo "2405"]
[BlackElo "2492"]
[PlyCount "67"]
[EventDate "2005.02.15"]
[EventType "swiss"]
[EventRounds "9"]
[EventCountry "RUS"]
[SourceTitle "EXT 2006"]
[Source "ChessBase"]
[SourceDate "2005.11.24"]
[SourceVersion "1"]
[SourceVersionDate "2005.11.24"]
[SourceQuality "1"]

1. e4 d5 2. exd5 Nf6 3. d4 Bg4 4. Bb5+ Nbd7 5. Be2 Bxe2 6. Qxe2 Nxd5 7. Nf3 g6
8. c4 N5b6 9. Nc3 c6 10. c5 Nd5 11. Nxd5 cxd5 12. O-O Bg7 13. Re1 e6 14. Bf4
O-O 15. b4 a6 16. a4 Qf6 17. Qd2 Qf5 18. h3 Nf6 19. Rad1 Ne4 20. Qe3 Qh5 21.
Ng5 Nf6 22. Nxe6 fxe6 23. g4 Nxg4 24. Qxe6+ Kh8 25. hxg4 Qh4 26. Bg3 Qd8 27.
Re5 Qe8 28. Qxe8 Raxe8 29. Rxd5 Re4 30. g5 Kg8 31. b5 axb5 32. axb5 Rg4 33. Kg2
Re4 34. Rd7 1-0

[Event "Moscow Aeroflot op-B"]
[Site "Moscow"]
[Date "2005.02.22"]
[Round "8"]
[White "Zaitsev, Igor A"]
[Black "Smeets, Jan"]
[Result "1-0"]
[WhiteElo "2405"]
[BlackElo "2475"]
[PlyCount "83"]
[EventDate "2005.02.15"]
[EventType "swiss"]
[EventRounds "9"]
[EventCountry "RUS"]
[SourceTitle "EXT 2006"]
[Source "ChessBase"]
[SourceDate "2005.11.24"]
[SourceVersion "1"]
[SourceVersionDate "2005.11.24"]
[SourceQuality "1"]

1. e4 c5 2. Nf3 d6 3. d4 cxd4 4. Nxd4 Nf6 5. Nc3 a6 6. Bg5 e6 7. Qf3 h6 8. Be3
Bd7 9. Be2 Nc6 10. O-O Rc8 11. Rad1 Ne5 12. Qh3 Nc4 13. Bxc4 Rxc4 14. Qf3 b5
15. a3 Qc7 16. Rfe1 Bc8 17. Qe2 Be7 18. Ndxb5 axb5 19. Nxb5 Qc6 20. Nxd6+ Bxd6
21. Rxd6 Qxe4 22. c3 Nd5 23. Bg5 hxg5 24. Qxe4 Rxe4 25. Rxe4 Bb7 26. c4 Nf6 27.
Re5 Rh4 28. b3 Rg4 29. g3 Ke7 30. Rd3 Nd7 31. Rb5 Bc6 32. f3 Bxb5 33. cxb5 Ne5
34. b6 Nxd3 35. b7 Ne5 36. b8=Q Nxf3+ 37. Kg2 Nd2 38. Qc7+ Ke8 39. Qc8+ Ke7 40.
Qc7+ Ke8 41. Qc3 Ne4 42. Qxg7 1-0

[Event "RUS-ch Seniors"]
[Site "Odintsovo"]
[Date "2008.10.10"]
[Round "8"]
[White "Zaitsev, Igor A"]
[Black "Turikov, Viktor"]
[Result "1-0"]
[WhiteElo "2411"]
[BlackElo "2317"]
[PlyCount "71"]
[EventDate "2008.10.02"]
[EventType "swiss"]
[EventRounds "9"]
[EventCountry "RUS"]
[SourceTitle "CBM 127 Extra"]
[Source "ChessBase"]
[SourceDate "2009.01.08"]
[SourceVersion "2"]
[SourceVersionDate "2009.01.28"]
[SourceQuality "1"]

1. e4 c6 2. d4 d6 3. Nf3 Nf6 4. Nc3 Bg4 5. Bc4 e6 6. Bb3 Be7 7. h3 Bh5 8. Qe2
d5 9. e5 Nfd7 10. Be3 c5 11. g4 Bg6 12. dxc5 Nc6 13. O-O-O Bxc5 14. Nd4 Nxd4
15. Bxd4 Qg5+ 16. Kb1 Bxd4 17. Rxd4 Qxe5 18. Qd1 O-O 19. f4 Qc7 20. f5 exf5 21.
Nxd5 Qc5 22. Rc4 Qd6 23. gxf5 Bxf5 24. Rf1 g6 25. Rd4 Nc5 26. Ne3 Qf6 27. Nxf5
gxf5 28. Rdf4 Rad8 29. Qf3 Nxb3 30. axb3 Qc6 31. Qg3+ Kh8 32. Rxf5 Rd2 33. Qe5+
f6 34. Rxf6 Rxf6 35. Rxf6 Qxc2+ 36. Ka2 1-0

[Event "RUS-ch Seniors"]
[Site "Odintsovo"]
[Date "2008.10.11"]
[Round "9"]
[White "Davydov, Sergey P"]
[Black "Zaitsev, Igor A"]
[Result "0-1"]
[WhiteElo "2347"]
[BlackElo "2411"]
[PlyCount "106"]
[EventDate "2008.10.02"]
[EventType "swiss"]
[EventRounds "9"]
[EventCountry "RUS"]
[SourceTitle "CBM 127 Extra"]
[Source "ChessBase"]
[SourceDate "2009.01.08"]
[SourceVersion "2"]
[SourceVersionDate "2009.01.28"]
[SourceQuality "1"]

1. Nf3 Nf6 2. c4 g6 3. b3 Bg7 4. Bb2 O-O 5. g3 d6 6. Bg2 Nc6 7. O-O e5 8. d3
Bf5 9. Nc3 Qd7 10. Nd5 Bh3 11. e4 Bxg2 12. Kxg2 Rae8 13. Qd2 Nh5 14. Rae1 Nd8
15. d4 c6 16. Nc3 Nf4+ 17. Kh1 Qh3 18. Rg1 Qg4 19. Qd1 Nh3 20. Rgf1 f5 21. dxe5
fxe4 22. Nh4 Qxd1 23. Nxd1 Bxe5 24. Bxe5 Rxe5 25. f4 exf3 26. Rxe5 dxe5 27.
Rxf3 Ng5 28. Rd3 Nde6 29. Kg2 Nc5 30. Re3 Rd8 31. Nc3 Rd2+ 32. Kf1 Rxh2 33.
Rxe5 Nce6 34. Nf3 Nxf3 35. Rxe6 Kf7 36. Re3 Ng5 37. Rd3 Ke7 38. b4 Rb2 39. b5
Rb4 40. bxc6 bxc6 41. Rd4 Rb2 42. c5 Rc2 43. Ne4 Nxe4 44. Rxe4+ Kf6 45. Ra4
Rxc5 46. Rxa7 h5 47. Kf2 Rc2+ 48. Kf3 Rc3+ 49. Kf2 Kg5 50. a3 c5 51. Ra6 Kf5
52. a4 g5 53. a5 Kg4 0-1

[Event "Moscow-ch qual fin"]
[Site "Moscow"]
[Date "2009.04.18"]
[Round "1.1"]
[White "Zaitsev, Igor A"]
[Black "Khruschiov, Alexey"]
[Result "1-0"]
[WhiteElo "2413"]
[BlackElo "2514"]
[PlyCount "123"]
[EventDate "2009.04.18"]
[EventType "k.o."]
[EventRounds "2"]
[EventCountry "RUS"]
[SourceTitle "EXT 2010"]
[Source "ChessBase"]
[SourceDate "2010.11.25"]
[SourceVersion "1"]
[SourceVersionDate "2010.11.25"]
[SourceQuality "1"]

1. e4 c5 2. Nf3 d6 3. d4 cxd4 4. Nxd4 Nf6 5. Nc3 a6 6. Bg5 e6 7. Qf3 h6 8. Be3
Be7 9. O-O-O Qc7 10. Be2 Nbd7 11. Qg3 Rg8 12. f4 g5 13. fxg5 hxg5 14. Bxg5 b5
15. a3 Bb7 16. Qh4 O-O-O 17. Nf3 Rg6 18. Qe1 Rdg8 19. h4 Nc5 20. Bd3 Ne8 21.
Bxe7 Nxd3+ 22. Rxd3 Qxe7 23. a4 b4 24. Nd1 a5 25. c3 Qc7 26. Kb1 Rxg2 27. Nd2
Qc6 28. cxb4 axb4 29. Rd4 Qxa4 30. Ne3 R2g7 31. h5 Nf6 32. h6 Rh7 33. Nec4 Kc7
34. b3 Qa6 35. Rxd6 Bc6 36. Qh4 Ra8 37. Rxc6+ Kxc6 38. Qxf6 Qa2+ 39. Kc1 Qa1+
40. Qxa1 Rxa1+ 41. Nb1 f6 42. Nb2 Ra8 43. Nd3 Kb5 44. e5 Rah8 45. exf6 Rxh6 46.
Rxh6 Rxh6 47. f7 Rf6 48. Ne5 Ka6 49. Nd2 Kb7 50. Ndc4 Kc7 51. Na5 Kd6 52. Nac6
Kd5 53. Kd2 Ke4 54. Ke2 Kd5 55. Kd3 Rf1 56. Ke3 Rf6 57. Nb8 Rf5 58. Nbd7 Kd6
59. f8=Q+ Rxf8 60. Nxf8 Kxe5 61. Kd3 Kd5 62. Nxe6 1-0